000 00242nam a2200097Ia 4500
008 231212s1985 xx 000 0 und d
041 _aeng
100 _aJones
245 _aInstrument Technology Vol I
260 _aNew Delhi
_bD.B.Tarapur
_c1985
999 _c960736
_d960736